Flame Test Colours - Statistics

General Stats
  • This quiz has been taken 17 times
    5 since last reset
  • The average score is 4 of 11
Answer Stats
Metal cation Colour % Correct
Calcium Brick red
67%
Sodium Yellow
67%
Barium Apple green
33%
Lead Blue grey
33%
Lithium Crimson red
33%
Silver none/colourless
33%
Iron Orange
33%
Potassium Purple/lilac
33%
Strontium Scarlet red
33%
Copper Blue green
0%
Magnesium none/colourless
0%
No matching quizzes found
Score Distribution
Percent of People with Each Score
Percentile by Number Answered
Your Score History
You have not taken this quiz since the last reset